[Event "CAN-ch U12"]
[Site "Windsor"]
[Date "2010.07.08"]
[Round "6"]
[White "Mathews, Jeremy"]
[Black "Clemente, Denroi Lee"]
[Result "1-0"]
[WhiteElo "1250"]
[BlackElo "988"]
[PlyCount "75"]
[EventDate "2010.07.06"]
[EventType "swiss"]
[EventRounds "7"]
[EventCountry "CAN"]
[SourceTitle "EXT 2012"]
[Source "ChessBase"]
[SourceDate "2011.11.24"]
[SourceVersion "1"]
[SourceVersionDate "2011.11.24"]
[SourceQuality "1"]

1. e4 e5 2. Nf3 Nc6 3. Bb5 Nf6 4. 0-0 Nxe4 5. Bxc6 dxc6 6. Re1 Bf5 7. d3 Bb4 8. c3 Bc5 9. dxe4 Bg4 10. Qxd8+ Rxd8 11. Nxe5 Be6 12. Be3 Bxe3 13. fxe3 Rd2 14. Nxd2 0-0 15. Nb3 Bxb3 16. axb3 a6 17. Rf1 f6 18. Ng4 h5 19. Nxf6+ gxf6 20. e5 fxe5 21. Rxf8+ Kxf8 22. Rf1+ Ke7 23. Rf5 Kd6 24. Rxh5 b5 25. c4 bxc4 26. bxc4 c5 27. e4 a5 28. Rh6+ Kd7 29. Ra6 a4 30. Rxa4 c6 31. h4 Ke6 32. h5 Kf7 33. Ra7+ Kg8 34. h6 Kh8 35. g4 Kg8 36. g5 Kh8 37. g6 Kg8 38. Ra8# 1-0